| 000 -LEADER |
| fixed length control field |
00684nam a22002057a 4500 |
| 008 - FIXED-LENGTH DATA ELEMENTS--GENERAL INFORMATION |
| fixed length control field |
150520b xxu||||| |||| 00| 0 eng d |
| 020 ## - INTERNATIONAL STANDARD BOOK NUMBER |
| International Standard Book Number |
0324015003 |
| 041 0# - LANGUAGE CODE |
| Language code of text/sound track or separate title |
eng |
| 080 ## - UNIVERSAL DECIMAL CLASSIFICATION NUMBER |
| Universal Decimal Classification number |
347 |
| 100 1# - Rafti |
| Rafti |
Twomey, David P. |
| 245 10 - TITLE STATEMENT |
| Title |
Anderson's Business law & the regulatory environment : |
| Statement of responsibility, etc |
David P. Twomey, Marianne Moody Jennings, Ivan Fox. |
| 246 3# - VARYING FORM OF TITLE |
| Title proper/short title |
Anderson's Business law and the regulatory environment |
| 250 ## - |
| -- |
14th ed. |
| 260 ## - |
| -- |
Cincinnati, Ohio : |
| -- |
West Legal Studies in Business, |
| -- |
c2001. |
| 300 ## - |
| -- |
1346 f. : |
| -- |
me il.; |
| -- |
26 cm. |
| 650 #0 - |
| -- |
E drejta penale |
| 700 1# - |
| -- |
Jennings, Marianne. |
| 700 1# - |
| -- |
Fox, Ivan, |
| 942 ## - ADDED ENTRY ELEMENTS (KOHA) |
| Source of classification or shelving scheme |
|
| Item type |
Books |